000 00375 a2200169 4500
001 183274
020 _a85-209-0583-8
040 _cMagnum
100 _aShatner, William
240 1 0 _aJornada nas estrelas
_lpor
245 1 0 _aJornada nas estrelas
300 _a
362 0 _a1995
440 1 _aNova Fronteira
697 _aLITERATURA GERAL ESTRANGEIRA
942 _cBK
999 _c183274
_d183274